000 00490nmm a2200157Ia 4500
008 251105s9999||||xx |||||||||||||||||und||
020 _a9789587846355
041 _aspa
100 _aChaparro Rodríguez, Juan Carlos
245 0 _aEl mundo moderno y la comprensión de la historia
264 _a[Bogotá, Colombia] :
_bUniversidad del Rosario,
_c2021
300 _a234 páginas
650 _aPhilosophy, Ethics
856 _uhttps://public.digitaliapublishing.com/a/83072
942 _cCF
999 _c96449
_d96449